Kraje z graczami Premier League - Statystyki

Ogólne statystyki
  • Ten quiz został rozwiązany 196 razy
  • Średni wynik to 19 z 25
Statystyki odpowiedzi
# Liczba piłkarzy Kraj % Poprawnych
1 263 Anglia
98%
2 33 Francja
97%
3 31 Hiszpania
97%
16 8 Polska
97%
12 11 Niemcy
94%
6 24 Portugalia
93%
23 5 Włochy
91%
7 23 Irlandia
88%
4 29 Brazylia
87%
14 9 Argentyna
84%
5 27 Szkocja
84%
18 7 Szwecja
83%
11 12 Belgia
82%
8 17 Holandia
82%
10 15 Walia
76%
17 7 Norwegia
71%
9 15 Dania
67%
25 4 Czechy
65%
19 7 Irlandia Północna
61%
22 5 Senegal
56%
20 6 Kolumbia
53%
24 5 Turcja
42%
21 6 Ghana
38%
13 9 Nigeria
37%
15 8 Wybrzeże Kości Słoniowej
34%
Nie znaleziono quizów pasujących do podanych kryteriów
Rozkład punktacji
Procent ludzi z każdym wynikiem
Percentyl według liczby udzielonych odpowiedzi
Twoja historia wyników
Nie rozwiązałeś tego quizu